[Event "Voronezh CC-ch"]
[Site "Voronezh"]
[Date "2014.10.26"]
[Round "9"]
[White "Chupakhin, Alexey"]
[Black "Cherednichenko, Dmitrij"]
[Result "0-1"]
[WhiteElo "1648"]
[BlackElo "1902"]
[PlyCount "96"]
[EventDate "2014.10.17"]
[EventType "swiss"]
[EventRounds "9"]
[EventCountry "RUS"]
[SourceTitle "CBM 163 Extra"]
[Source "ChessBase"]
[SourceDate "2014.12.23"]
[SourceVersion "1"]
[SourceVersionDate "2014.12.23"]
[SourceQuality "1"]

1. c4 e6 2. Nf3 d5 3. b3 Nf6 4. Bb2 Be7 5. cxd5 exd5 6. g3 0-0 7. Bg2 c5 8. d3 Nc6 9. 0-0 Bg4 10. Ne5 Nxe5 11. Bxe5 Qd7 12. Bb2 Rac8 13. Nd2 Bh3 14. Nf3 Bxg2 15. Kxg2 d4 16. Qd2 Rfe8 17. Rac1 Nd5 18. Ne5 Qe6 19. Nf3 Bf6 20. Rfe1 b6 21. Ng5 Bxg5 22. Qxg5 h6 23. Qh5 Rc7 24. Ba1 Rce7 25. Rc2 Qd7 26. Qf3 Re6 27. Kg1 Qd6 28. Rd2 R6e7 29. Bb2 Qd7 30. Bc1 Re5 31. Rb2 h5 32. h4 Qe6 33. Rc2 Rf5 34. Qg2 a5 35. Qh3 a4 36. bxa4 Re5 37. Qxe6 R5xe6 38. Kf1 Ra8 39. Rc4 Nc3 40. Bd2 Nxa4 41. Ra1 b5 42. Rc2 b4 43. e3 Nc3 44. Bxc3 dxc3 45. a4 Rea6 46. d4 c4 47. d5 Rxa4 48. Rac1 b3 0-1

[Event "Voronezh Rating op 03-B"]
[Site "Voronezh"]
[Date "2014.03.25"]
[Round "4"]
[White "Chupakhin, Alexey"]
[Black "Golyshkina, Marina"]
[Result "1/2-1/2"]
[WhiteElo "1668"]
[BlackElo "1614"]
[PlyCount "35"]
[EventDate "2014.03.20"]
[EventType "swiss"]
[EventRounds "9"]
[EventCountry "RUS"]
[SourceTitle "EXT 2015"]
[Source "ChessBase"]
[SourceDate "2014.11.20"]
[SourceVersion "1"]
[SourceVersionDate "2014.11.20"]
[SourceQuality "1"]

1. b3 Nf6 2. c4 d6 3. Bb2 g6 4. Nf3 Bg7 5. e3 0-0 6. d4 c5 7. Be2 Ne4 8. 0-0 Nc6 9. Nbd2 Nxd2 10. Qxd2 cxd4 11. Nxd4 Nxd4 12. Bxd4 Bxd4 13. Qxd4 Qc7 14. Rfd1 b6 15. Bf3 Bb7 16. Bxb7 Qxb7 17. Qd5 Qxd5 18. Rxd5 1/2-1/2

[Event "Voronezh Rating op 03-B"]
[Site "Voronezh"]
[Date "2014.03.22"]
[Round "2"]
[White "Polyansky, Viktor"]
[Black "Chupakhin, Alexey"]
[Result "1-0"]
[WhiteElo "1946"]
[BlackElo "1668"]
[PlyCount "37"]
[EventDate "2014.03.20"]
[EventType "swiss"]
[EventRounds "9"]
[EventCountry "RUS"]
[SourceTitle "EXT 2015"]
[Source "ChessBase"]
[SourceDate "2014.11.20"]
[SourceVersion "1"]
[SourceVersionDate "2014.11.20"]
[SourceQuality "1"]

1. e4 Nc6 2. d4 d5 3. Nc3 e5 4. dxe5 dxe4 5. Qxd8+ Kxd8 6. Bg5+ Be7 7. 0-0-0+ Bd7 8. Bf4 g5 9. Bg3 h5 10. h4 e3 11. hxg5 exf2 12. Nf3 Kc8 13. Bxf2 Bg4 14. Bd3 Bxf3 15. Bf5+ Kb8 16. gxf3 Bxg5+ 17. Kb1 Nge7 18. Bg4 Nxe5 19. Rxh5 1-0

[Event "Voronezh-ch"]
[Site "Voronezh"]
[Date "2013.10.27"]
[Round "9"]
[White "Chupakhin, Alexey"]
[Black "Filippov, Vladimir Mikhailovi"]
[Result "0-1"]
[WhiteElo "1702"]
[BlackElo "2000"]
[PlyCount "64"]
[EventDate "2013.10.18"]
[EventType "swiss"]
[EventRounds "9"]
[EventCountry "RUS"]
[SourceTitle "EXT 2014"]
[Source "ChessBase"]
[SourceDate "2013.11.20"]
[SourceVersion "1"]
[SourceVersionDate "2013.11.20"]
[SourceQuality "1"]

1. e4 d6 2. d4 Nf6 3. Nc3 g6 4. b3 c5 5. Bb5+ Bd7 6. Bxd7+ Nbxd7 7. Bb2 cxd4 8. Qxd4 Bg7 9. Qe3 Qa5 10. Nge2 0-0 11. 0-0 Rfc8 12. Rfc1 Ng4 13. Qg3 h5 14. h3 Ngf6 15. f3 Rc7 16. Qf2 Rac8 17. Kh1 b6 18. Rd1 Rxc3 19. Bxc3 Rxc3 20. Nxc3 Qxc3 21. Rac1 Bh6 22. Rb1 Qe5 23. c4 Bf4 24. Qd4 Qg5 25. Qf2 Bg3 26. Qd2 Qh4 27. Kg1 Ne5 28. Qe2 g5 29. Rd4 g4 30. fxg4 hxg4 31. Qf1 gxh3 32. gxh3 Nfg4 0-1

[Event "Voronezh-ch"]
[Site "Voronezh"]
[Date "2013.10.20"]
[Round "3"]
[White "Chupakhin, Alexey"]
[Black "Polyansky, Viktor"]
[Result "0-1"]
[WhiteElo "1702"]
[BlackElo "1939"]
[PlyCount "74"]
[EventDate "2013.10.18"]
[EventType "swiss"]
[EventRounds "9"]
[EventCountry "RUS"]
[SourceTitle "EXT 2014"]
[Source "ChessBase"]
[SourceDate "2013.11.20"]
[SourceVersion "1"]
[SourceVersionDate "2013.11.20"]
[SourceQuality "1"]

1. d4 Nf6 2. c4 e6 3. Nc3 Bb4 4. a3 Bxc3+ 5. bxc3 c5 6. Bg5 Qa5 7. Bd2 Nc6 8. Nf3 d6 9. e3 e5 10. d5 Ne7 11. Be2 Ng6 12. 0-0 e4 13. Ne1 0-0 14. f4 Bd7 15. a4 Ne7 16. Qb3 Qa6 17. h3 Nexd5 18. Rf2 Nb6 19. a5 Be6 20. Qb5 Nxc4 21. Qxa6 bxa6 22. Bf1 Rab8 23. Bc1 Rb5 24. Bxc4 Bxc4 25. g4 Nd7 26. Rd2 d5 27. Ng2 f5 28. Kf2 g5 29. Kg3 fxg4 30. hxg4 Nb8 31. Rf2 Nc6 32. fxg5 Rxf2 33. Kxf2 Ne5 34. Kg3 Rb3 35. Bd2 Rb2 36. Be1 Nf3 37. Kh3 Bf1 0-1

[Event "Voronezh Rating op 10"]
[Site "Voronezh"]
[Date "2013.10.04"]
[Round "3"]
[White "Chupakhin, Alexey"]
[Black "Smirnov, Vyacheslav"]
[Result "1/2-1/2"]
[WhiteElo "1702"]
[BlackElo "1579"]
[PlyCount "42"]
[EventDate "2013.10.02"]
[EventType "swiss"]
[EventRounds "7"]
[EventCountry "RUS"]
[SourceTitle "EXT 2015"]
[Source "ChessBase"]
[SourceDate "2014.11.20"]
[SourceVersion "1"]
[SourceVersionDate "2014.11.20"]
[SourceQuality "1"]

1. c4 c5 2. Nc3 Nf6 3. g3 Nc6 4. Bg2 e6 5. e3 g6 6. b3 Bg7 7. Bb2 0-0 8. Nge2 Qc7 9. 0-0 Re8 10. Nb5 Qb8 11. d4 a6 12. Nbc3 Qa7 13. dxc5 Qxc5 14. Nd4 Qf8 15. Nxc6 dxc6 16. Qc2 Bd7 17. Ne4 Nxe4 18. Bxg7 Kxg7 19. Bxe4 Red8 20. Rfd1 Be8 21. Rxd8 Rxd8 1/2-1/2

[Event "Voronezh Rating op 09"]
[Site "Voronezh"]
[Date "2013.09.15"]
[Round "3"]
[White "Chupakhin, Alexey"]
[Black "Borisov, Maxim"]
[Result "0-1"]
[WhiteElo "1702"]
[BlackElo "1760"]
[PlyCount "106"]
[EventDate "2013.09.13"]
[EventType "swiss"]
[EventRounds "7"]
[EventCountry "RUS"]
[SourceTitle "EXT 2015"]
[Source "ChessBase"]
[SourceDate "2014.11.20"]
[SourceVersion "1"]
[SourceVersionDate "2014.11.20"]
[SourceQuality "1"]

1. c4 d6 2. Nc3 e5 3. b3 f5 4. e3 Nf6 5. Bb2 c5 6. d4 cxd4 7. exd4 Qa5 8. d5 Nbd7 9. Qd2 a6 10. Bd3 Nc5 11. Bc2 Be7 12. Nge2 b5 13. Ne4 Qxd2+ 14. Nxd2 bxc4 15. bxc4 0-0 16. 0-0 Bd7 17. Nb3 Rfc8 18. Nxc5 Rxc5 19. Bb3 a5 20. f4 Ng4 21. fxe5 Nxe5 22. Bd4 Rcc8 23. Rac1 Nd3 24. Rcd1 Nc5 25. Bxc5 Rxc5 26. a4 Rb8 27. Rb1 Bf6 28. Nf4 Kf7 29. Nd3 Bd4+ 30. Kh1 Rcc8 31. Rfe1 Kf6 32. Nf4 Be5 33. Nd3 Bd4 34. Nf4 g5 35. Ne2 Be5 36. Rf1 h5 37. h3 h4 38. Ng1 Rb4 39. Nf3 Bg3 40. Nd4 Bf4 41. Nb5 Be5 42. Rfe1 g4 43. hxg4 fxg4 44. Rf1+ Kg5 45. Rfc1 Bf4 46. Na7 Rc5 47. Rc3 Bxa4 48. Nc6 Bxc6 49. dxc6 Rxc6 50. Rd3 a4 51. Rd5+ Be5 52. Ba2 Rxb1+ 53. Bxb1 Rxc4 0-1

[Event "Voronezh-ch"]
[Site "Voronezh"]
[Date "2013.03.16"]
[Round "6"]
[White "Smirnov, Vyacheslav"]
[Black "Chupakhin, Alexey"]
[Result "1/2-1/2"]
[WhiteElo "1547"]
[BlackElo "1713"]
[PlyCount "71"]
[EventDate "2013.03.12"]
[EventType "swiss"]
[EventRounds "7"]
[EventCountry "RUS"]
[SourceTitle "CBM 153 Extra"]
[Source "ChessBase"]
[SourceDate "2013.04.22"]
[SourceVersion "1"]
[SourceVersionDate "2013.04.22"]
[SourceQuality "1"]

1. Nf3 d5 2. d4 Nf6 3. Nbd2 e6 4. e3 Be7 5. Be2 0-0 6. Nf1 c5 7. c3 cxd4 8. exd4 Nc6 9. Ng3 b6 10. 0-0 Qc7 11. Bg5 Re8 12. Re1 Bb7 13. Bb5 a6 14. Bxc6 Bxc6 15. Ne5 Nd7 16. Bxe7 Rxe7 17. Nxd7 Qxd7 18. Qd2 Bb5 19. h3 Ree8 20. Re3 Qd6 21. Rae1 Qf4 22. Qd1 Qd6 23. Re5 a5 24. Qg4 Bd3 25. Nh5 Bg6 26. Ng3 Qd8 27. R5e3 b5 28. a3 Rb8 29. h4 h6 30. h5 Bh7 31. f4 Qd7 32. Qh3 Kf8 33. Re5 b4 34. axb4 axb4 35. f5 exf5 36. Rxe8+ 1/2-1/2

[Event "Voronezh-ch"]
[Site "Voronezh"]
[Date "2013.03.14"]
[Round "3"]
[White "Chupakhin, Alexey"]
[Black "Filippov, Vladimir Mikhailovi"]
[Result "1/2-1/2"]
[WhiteElo "1713"]
[BlackElo "1968"]
[PlyCount "141"]
[EventDate "2013.03.12"]
[EventType "swiss"]
[EventRounds "7"]
[EventCountry "RUS"]
[SourceTitle "CBM 153 Extra"]
[Source "ChessBase"]
[SourceDate "2013.04.22"]
[SourceVersion "1"]
[SourceVersionDate "2013.04.22"]
[SourceQuality "1"]

1. Nf3 Nf6 2. g3 g6 3. b3 Bg7 4. Bb2 d6 5. Bg2 e5 6. d3 0-0 7. 0-0 Nbd7 8. Nbd2 Re8 9. c4 a5 10. Qc2 c6 11. Rab1 Qc7 12. e3 Nc5 13. Ne1 Bd7 14. Ba3 Bg4 15. Bxc5 dxc5 16. Ne4 Nxe4 17. Bxe4 f5 18. Bf3 Bh3 19. Bg2 Bxg2 20. Nxg2 Qd6 21. Rfd1 Rad8 22. Ne1 Rd7 23. Qe2 Red8 24. Kg2 Qe6 25. Kg1 Qd6 26. Kg2 h6 27. Qc2 Kh7 28. Rd2 h5 29. Rbd1 Qc7 30. Nf3 Bf6 31. Qb2 Kg7 32. Qa3 b6 33. Qc1 Qd6 34. Qc2 Qe6 35. Qb1 e4 36. dxe4 fxe4 37. Rxd7+ Rxd7 38. Rxd7+ Qxd7 39. Qxe4 b5 40. cxb5 cxb5 41. Qc2 Qc6 42. e4 c4 43. bxc4 bxc4 44. Kf1 Qb5 45. Ke1 c3 46. h4 a4 47. Ng5 Qc4 48. f4 Bd4 49. Nf3 Bc5 50. Ne5 Qd4 51. Qd3 Qg1+ 52. Ke2 Qf2+ 53. Kd1 Bd4 54. Qe2 Qg1+ 55. Kc2 Qxg3 56. Nc6 Bf6 57. e5 Bxh4 58. e6 Qxf4 59. e7 Bxe7 60. Qxe7+ Kh6 61. Qd7 Qc4 62. Qd6 Qxa2+ 63. Kxc3 Qb3+ 64. Kd2 Qf3 65. Ne5 Qf5 66. Kc1 a3 67. Qd2+ g5 68. Qd6+ Kg7 69. Qe7+ Kg8 70. Qd8+ Kg7 71. Qe7+ 1/2-1/2

[Event "Voronezh-ch"]
[Site "Voronezh"]
[Date "2013.03.13"]
[Round "2"]
[White "Mukhametshin, Mikhail"]
[Black "Chupakhin, Alexey"]
[Result "1-0"]
[WhiteElo "2001"]
[BlackElo "1713"]
[PlyCount "77"]
[EventDate "2013.03.12"]
[EventType "swiss"]
[EventRounds "7"]
[EventCountry "RUS"]
[SourceTitle "CBM 153 Extra"]
[Source "ChessBase"]
[SourceDate "2013.04.22"]
[SourceVersion "1"]
[SourceVersionDate "2013.04.22"]
[SourceQuality "1"]

1. d4 d5 2. c4 Nc6 3. Nf3 Bg4 4. cxd5 Bxf3 5. gxf3 Qxd5 6. e3 e5 7. Nc3 Bb4 8. Bd2 Bxc3 9. bxc3 exd4 10. cxd4 Nge7 11. Bg2 0-0 12. 0-0 Rad8 13. f4 Qd6 14. Qh5 Qg6 15. Qxg6 hxg6 16. Rfc1 Rd6 17. Rc4 Rc8 18. Rb1 Rb8 19. Bc1 b5 20. Rc5 a6 21. Bd2 Rb6 22. d5 Nb8 23. e4 c6 24. e5 Rd7 25. d6 Nf5 26. Ba5 Rbb7 27. Bxc6 Nxc6 28. Rxc6 Nd4 29. Rc8+ Kh7 30. Kf1 Ne6 31. Bd2 Nd4 32. Be3 Nf5 33. Bc5 a5 34. Rb3 b4 35. Rc6 Kg8 36. Bb6 Rb8 37. Rb2 f6 38. Bc7 Rb5 39. e6 1-0

[Event "Voronezh Winter op"]
[Site "Voronezh"]
[Date "2013.01.27"]
[Round "8"]
[White "Chupakhin, Alexey"]
[Black "Timchenko, Aleksandr"]
[Result "1-0"]
[WhiteElo "1717"]
[BlackElo "1751"]
[PlyCount "95"]
[EventDate "2013.01.15"]
[EventType "swiss"]
[EventRounds "9"]
[EventCountry "RUS"]
[SourceTitle "EXT 2014"]
[Source "ChessBase"]
[SourceDate "2013.11.20"]
[SourceVersion "1"]
[SourceVersionDate "2013.11.20"]
[SourceQuality "1"]

1. Nf3 Nf6 2. g3 d5 3. Bg2 e6 4. 0-0 c5 5. b3 Be7 6. Bb2 h6 7. d3 Nc6 8. Ne5 0-0 9. Nxc6 bxc6 10. Nd2 Bb7 11. e4 d4 12. Nc4 Qc7 13. f4 Ba6 14. Ne5 Nh7 15. Qd2 Bd6 16. Nxc6 Rac8 17. e5 Be7 18. Nxe7+ Qxe7 19. Qa5 Bb7 20. Qxa7 Rc7 21. Bxb7 Rxb7 22. Qa5 Ra7 23. Qd2 f6 24. Qe2 fxe5 25. Qxe5 Nf6 26. Rfe1 Ra6 27. a4 Ng4 28. Qe2 Ne3 29. Bc1 Nd5 30. Bd2 Qf7 31. Qe5 Rc6 32. c4 Nf6 33. a5 Ng4 34. Qe4 Qh5 35. Re2 Ra6 36. Qb7 Rfa8 37. b4 Ne3 38. Rf2 Nc2 39. Rc1 Nxb4 40. Bxb4 cxb4 41. c5 Rxa5 42. c6 Ra2 43. c7 Rxf2 44. c8Q+ Rxc8 45. Rxc8+ Kh7 46. Qe4+ Qf5 47. Qxf5+ exf5 48. Kxf2 1-0

[Event "Voronezh Autumn IRT"]
[Site "Voronezh"]
[Date "2012.10.02"]
[Round "1.4"]
[White "Grigorjev, Iljya"]
[Black "Chupakhin, Alexey"]
[Result "1-0"]
[WhiteElo "2053"]
[BlackElo "1743"]
[PlyCount "81"]
[EventDate "2012.10.02"]
[EventType "swiss"]
[EventRounds "9"]
[EventCountry "RUS"]
[SourceTitle "EXT 2022"]
[Source "ChessBase"]
[SourceDate "2021.10.06"]
[SourceVersion "1"]
[SourceVersionDate "2021.10.06"]
[SourceQuality "1"]

1. e4 Nc6 2. Nf3 e5 3. Bb5 a6 4. Ba4 Nf6 5. 0-0 Be7 6. Re1 b5 7. Bb3 d6 8. c3 0-0 9. h3 Na5 10. Bc2 c5 11. d4 cxd4 12. cxd4 exd4 13. Nxd4 Bb7 14. Bf4 Nc6 15. Nf5 Ne8 16. Nc3 Ne5 17. Nxe7+ Qxe7 18. Nd5 Bxd5 19. exd5 Qf6 20. Bxe5 dxe5 21. Qh5 g6 22. Qxe5 Qxe5 23. Rxe5 Rc8 24. Bb3 Nd6 25. Re7 a5 26. a4 bxa4 27. Bxa4 Rc5 28. Bc6 Rb8 29. Re2 Nf5 30. Rd1 Kf8 31. Bd7 Nd6 32. Bc6 Nc4 33. Rc1 Rb4 34. Rec2 a4 35. Bxa4 Rxa4 36. b3 Rb4 37. Rxc4 Rcb5 38. d6 Rxc4 39. bxc4 Rc5 40. Re1 Rxc4 41. d7 1-0